000
00209 a2200097 4500
001
5244
100
_a
lewitt,EH
245
_a
Hydraulics & fluid mechanics
260
_a
_b
Eng language
_c
090
_c
4356
_d
4356
942
_a
NUST-CAE
_c
M
_c
30663
999
_c
240317
_d
240317